01018cam a2200145 i 4500020001800000082001700018100002700035245005600062250001200118260003300130300001600163504005100179520060100230650004100831 a978103223435900a325.2bCOH-G1 aCohen, Robin,eauthor.10aGlobal diasporas :ban introduction /cRobin Cohen. a2nd ed. aNew York :bRoutledge,c2022 axiv, 211p.; aIncludes bibliographical references and index. aThe book features insightful case studies and compares a wide range of diasporas, including Jewish, Armenian, African, Sikh, Chinese, British, Indian, Lebanese, Afghan and Caribbean peoples. This edition also retains Cohen’s rich historical and sociological descriptions and clear yet elegant writing, as well as his modified concept of ‘diasporic rope’ linking different features of diasporas. This updated edition of the definitive textbook in the field will be an indispensable guide for students and instructors seeking to explore the complex issues of diaspora, migration and identity 0aEmigration and immigrationxHistory.